Score 0/25 Timer 04:00
4 Plays Today
% Correct
Will Ferrell
98.4%
William Shatner
93.8%
Whitney Houston
93.4%
Walt Disney
80.8%
Winston Churchill
80.3%
Winona Ryder
77.5%
Wayne Gretzky
69.5%
Warren Beatty
67.4%
Wanda Sykes
64.4%
Walter Cronkite
63.9%
Wendy Williams
63.1%
Willem Dafoe
60.2%
Wes Anderson
59%
% Correct
Wesley Snipes
52.9%
Willow Smith
51.9%
Wilma Rudolph
36.8%
Wynonna Judd
36.2%
Waylon Jennings
32.8%
Wallace Shawn
32.1%
Wolfgang Puck
30.7%
Warwick Davis
29.6%
Wyclef Jean
26.6%
Willard Scott
20.4%
Wentworth Miller
16.3%
Wilson Pickett
14.8%
Remove Ads.
Support Sporcle.
Get the best of Sporcle when you Go Orange. This ad-free experience offers more features, more stats, and more fun while also helping to support Sporcle. Thank you for becoming a member.

You're not logged in!

Compare scores with friends on all Sporcle quizzes.
OR
Log In

Show Comments

Extras

Top Quizzes Today


Score Distribution

Your Account Isn't Verified!

In order to create a playlist on Sporcle, you need to verify the email address you used during registration. Go to your Sporcle Settings to finish the process.

Report this User

Report this user for behavior that violates our Community Guidelines.

Details: